000 00852nam0a2200289 4500
001 RU\NLR\bibl\13597
005 20250615012357.0
010 _a5-237-00399-0
_910000
021 _aRU
_b98-32563
_91544
035 _a(NLR Aleph) 000013260
090 _a51220
_c51220
100 _a19990215d1998 |||y0rusy50 ca
101 0 _arus
102 _aRU
105 _a|||||||||||||
200 1 _aИгра на интерес
_eПрофессия: аферист
_e[Роман]
_fАркадий Твист
210 _aМ.
_cАСТ
_d1998
215 _a445 с.
_d20
225 1 _aРусская бойня
686 _aШ6(2=Р)75-446
700 1 _aТвист
_bА.
_gАркадий
_4070
801 0 _aRU
_bNLR
_c19990215
_gPSBO
801 1 _aRU
_bNLR
_c19990215
852 _aNLR
_j98-3/9520
942 _cBOOK
980 _aNB